The Police - Outlandos D' Amour - Statistics

General Stats
  • This quiz has been taken 43 times
  • The average score is 7 of 10
Answer Stats
Song Answer % Correct
3 Roxanne
97%
2 So Lonely
88%
6 Can't Stand Losing You
85%
1 Next to You
82%
8 Born in the 50's
74%
5 Peanuts
74%
9 Be My Girl - Sally
65%
7 Truth Hits Everybody
62%
4 Hole in My Life
56%
10 Masoko Tanga
56%
No matching quizzes found
Score Distribution
Percent of People with Each Score
Percentile by Number Answered
Your Score History
You have not taken this quiz